Catalog

Record Details

Catalog Search



Available copies

  • 1 of 1 copy available at LARL/NWRL Consortium.

Current holds

0 current holds with 1 total copy.

Show Only Available Copies
Location Call Number / Copy Notes Barcode Shelving Location Status Due Date
Thief River Falls Public Library j STI (Text) 35500006588089 Main Available -

Record details

  • ISBN: 0590477404
  • ISBN: 9780590477406
  • Physical Description: 121 pages 20 cm.
  • Publisher: New York Scholastic Inc. 1994.

Content descriptions

General Note:
Interest age level: 008-012.
Reading grade level: 4.
Reading level: 4.
"An Apple paperpack."
Study Program Information Note:
Accelerated Reader blank 3.6 3.0.
Subject: Fantasy fiction.
Horror tales.
Fantasy fiction.
Horror tales.
LDR 01257cam a2200397M 4500
001393875
003LARL_NWRL_CONSORTIUM
00520220617202931.0
008170804s1994 nyu 000 0 und d
040 . ‡aALROG ‡beng ‡cALROG ‡dOCLCQ ‡dTXBXL ‡dOCLCF ‡dOCLCQ ‡dOCLCO ‡dNRG
019 . ‡a733635378
020 . ‡a0590477404
020 . ‡a9780590477406
035 . ‡a(OCoLC)999591296 ‡z(OCoLC)733635378
049 . ‡aNRGA
1001 . ‡aStine, R. L. ‡0(LARL_NWRL_CONSORTIUM)86057
24510. ‡aMonster blood II ‡cR.L. Stine.
260 . ‡aNew York ‡bScholastic Inc. ‡c1994.
300 . ‡a121 pages ‡c20 cm.
336 . ‡atext ‡btxt ‡2rdacontent
337 . ‡aunmediated ‡bn ‡2rdamedia
338 . ‡avolume ‡bnc ‡2rdacarrier
4900 . ‡aGoosebumps ; ‡v18
500 . ‡aInterest age level: 008-012.
500 . ‡aReading grade level: 4.
500 . ‡aReading level: 4.
500 . ‡a"An Apple paperpack."
5260 . ‡aAccelerated Reader ‡bblank ‡c3.6 ‡d3.0.
650 0. ‡aFantasy fiction. ‡0(LARL_NWRL_CONSORTIUM)19968
650 0. ‡aHorror tales. ‡0(LARL_NWRL_CONSORTIUM)22375
650 7. ‡aFantasy fiction. ‡2fast ‡0(LARL_NWRL_CONSORTIUM)19968
650 7. ‡aHorror tales. ‡2fast ‡0(LARL_NWRL_CONSORTIUM)22375
7001 . ‡aCopyright Paperback Collection (Library of Congress)--DLC.
905 . ‡ubacont
901 . ‡a393875 ‡b ‡c393875 ‡tbiblio ‡soclc

Additional Resources